000 00522nam a2200193 a 4500
001 BRCA_4715
005 20190320204756.0
008 051010s1965----enka######---#000-0#eng-#
041 _aeng
044 _aenk
050 4 _aND588
_b.D87 1965
100 1 _aBraham, Allan
_911940
245 1 0 _aDürer
_cby Allan Braham.
260 _aLondres
_bSpring Books
_c1965
300 _a44 p.
_bil. a color, 50 láminas
_c27 cm.
440 0 _aSpring Art Books
_911941
600 1 4 _aDürer, Albrecht
_d1475-1528
_911942
942 _2lcc
_cB
999 _c4413
_d4413